[Event "Pokal 2019/20"]
[Site "Turnierstufe"]
[Date "2019.12.09"]
[Round "Qualifikation"]
[White "Super Mondial II"]
[Black "Vancouver 68000"]
[Result "1/2-1/2"]
[BlackElo "2233"]
[WhiteElo "1947"]

1.d4 d5 2.c4 dxc4 3.Nf3 Nf6 4.e3 e6 5.Bxc4 c5 6.O-O a6 7.Qe2 b5 8.Bb3 Bb7
9.Nc3 Nbd7 10.Rd1 { Buchende. } 10...Qb6 11.e4 cxd4 { Buchende. } 12.Rxd4
{ Besser ist es, mit dem Springer zu schlagen, denn nun kann sich Schwarz à
Tempo entwickleln... } 12...Bc5 13.Rd3 Ng4
{ ... und den Punkt f2 ins Visier nehmen. } 14.Nd1 Nde5 15.Nxe5 Nxe5 16.Rh3
Rd8 17.Bf4 Ng6 18.Bg5 Rc8 19.a4 O-O
{ Der Zug ist allerdings nicht gut, denn Weiß könnte nun mit 20. Dh5 in
Vorteil kommen. Aber nein: } 20.Rc1 ( 20.Qh5 h6 21.Bxh6 gxh6 22.Qxh6 Rfe8
23.Qh7+ Kf8 24.Rf3 Rc7 25.Qxg6 ) 20...h6 21.Bd2 bxa4 22.Bxa4 Qd6 23.Rhc3 Qe5
24.Rc4 Rfd8 25.g3 Bb6 26.Rxc8 Bxc8 27.Bc6 Ne7 28.Bf4 Qa5 29.Rc3 Nxc6 30.Rxc6
Bb7 31.Rc4 e5 { Schwarz bekommt immer mehr Übergewicht. } 32.Bc1 Bd4 33.Nc3
Qb6 34.Nd1 Qb3 35.Nc3 Bxc3
{ Der Gewinnzug ist an dieser Stelle 35....a5!, aber den muss man erst
einmal sehen. } 36.Rxc3 Qd1+ 37.Qxd1 Rxd1+ 38.Kg2 Bxe4+
{ Mit ungleichfarbigen Läufern ist das remisverdächtig. } 39.f3 Bd5 40.Kf2 g5
41.Rc5 Be6 42.Ke3 Rh1 43.Bd2 Rxh2 44.Rxe5 Bc4 45.Bc3 Kh7 46.g4 Kg6 47.Kd4 f6
48.Rf5 Be6 49.Ra5 Bc8 50.Ke3 Rh3 51.Kf2 h5 52.Rc5 Bd7 53.Rd5 Rxf3+ 54.Kxf3
Bc6 55.gxh5+ Kxh5 56.Ke4 f5+ 57.Ke5 Bxd5 58.Kxd5 f4 $2
{ Fehler: 58.... Kg4 hätte es remis gehalten. } 59.Ke4 Kh4 60.Kf3 Kh3 61.Be1
Kh2 62.Bb4 Kh3 63.Bc5 Kh4 64.Bd4 Kh3 65.Bf2 Kh2 66.Be1 Kh3 67.b3 Kh2 68.Bb4
Kh3 69.Bc5 Kh4 70.Bb6 Kh3 71.Bd4 Kh4 72.Bc5
{ Weiß findet den Gewinnweg nicht, z.B.: } ( 72.Be5 g4+ 73.Kxf4 Kh3 74.Bb8 g3
75.b4 g2 76.Ba7 Kh2 77.Ke4 { und 1:0. } ) 72...Kh3 73.Bf2 Kh2 74.Be1 Kh3
75.Bc3 g4+ 76.Kxf4 g3 77.Bd4 Kh2 78.Be5 g2 79.Ke4+ Kh1 80.Bd4 g1=Q 81.Bxg1
Kxg1 { und Remis. } 1/2-1/2

[Event "Pokal 2019/20"]
[Site "Turnierstufe"]
[Date "2019.12.10"]
[Round "Qualifikation"]
[White "Vancouver 68000"]
[Black "Super Mondial II"]
[Result "1-0"]
[BlackElo "1954"]
[WhiteElo "2226"]

1.c4 c5 2.Nf3 Nc6 3.Nc3 Nf6 4.d4 cxd4 5.Nxd4 e6 6.Ndb5 d6 7.Bf4 e5 8.Bg5
{ Buchende. } 8...a6 9.Bxf6 gxf6 10.Na3 Be6 11.e3 f5 { Buchende. } 12.Be2 Bg7
13.O-O b6 14.Nd5 Ne7 15.Nc2 Nxd5 16.cxd5 Bd7 17.Nb4 b5 18.Qb3 Qb6 19.Rac1 Bf6
20.Nc6 Bd8 21.Qb4 Be7 22.a4 h6 23.axb5 a5 24.Qc3 Bf6 25.f4 Qc7 26.fxe5 Bxe5
27.Nxe5 Qxc3 28.bxc3 dxe5 29.c4 a4 30.c5 a3 31.c6 Bc8 32.b6 Ke7 33.b7 Bxb7
34.cxb7 Rab8 35.Rc7+ Kd6 36.Rxf7 Kxd5 37.Ra1 f4 38.exf4 exf4 39.Rxa3 Ke6
{ und Aufgabe. } 1-0

[Event "Pokal 2019/20"]
[Site "Turnierstufe"]
[Date "2019.12.16"]
[Round "Qualifikation"]
[White "Obsidian"]
[Black "Mach III 20 MHz"]
[Result "1/2-1/2"]
[BlackElo "2026"]
[WhiteElo "1978"]

1.c4 e5 2.Nc3 Nc6 3.Nf3 Nf6 4.g3 Bb4 5.Bg2 O-O 6.O-O e4 7.Ng5 Bxc3 8.bxc3 Re8
9.Qc2 Qe7 10.d3 { Buchende. } 10...exd3 11.exd3 b6 12.Bd2 Bb7 { Buchende. }
13.Rfe1 Qc5 { Besser: 13....Df8. } 14.Bd5 Rxe1+ 15.Rxe1 Rf8 16.Ne4 Nxe4 17.d4
Qa5 18.Bxe4 h6 19.f3 { Zu zahm, 19. d5 ist angesagt. } 19...f5 20.Bd5+ Kh8
21.Qc1 Nd8 22.Bxb7 Nxb7 23.Re7 Nd6 24.Rxd7 Qxa2 25.Rxc7 Re8 26.Bxh6 $5
{ Wenn Schwarz genau spielt, wird es Remis. } 26...Re2 27.Bxg7+ Kg8 28.Qf1
Ne8 { Besser: 28....Sf7. } 29.Rxa7 Qxa7 30.Qxe2 Nxg7 31.Kf2 Qa1 32.Qd2 Qh1
33.Ke3 Qg1+ 34.Kd3 Qf1+ 35.Qe2 Qb1+ 36.Ke3 Qc1+ 37.Qd2 Qg1+ 38.Kf4 Qf1 39.d5
Qxc4+ 40.Kg5 Qf1 41.Kf4 Qc4+ 42.Kg5 Qf1 43.f4 Qf3 44.Kf6 Qh5 45.Ke7 Qf7+
46.Kd8 Qb7 47.Qd4 Qb8+ 48.Kd7 Qb7+ 49.Kd6 Kf7 50.h4 Ke8 51.Qb4 Nh5 52.Qd4
Qd7+ 53.Ke5 Nxg3 54.Qxb6 Qg7+ 55.Qf6 Qc7+ 56.Qd6 Qxc3+ 57.Ke6 Qe3+ 58.Qe5 Qe4
59.Kf6+ Qxe5+ 60.Kxe5 Kd7 61.d6 Ke8 62.Ke6 Kd8 63.d7 Ne2 64.Kxf5 Kxd7 65.Kf6
Nxf4 66.h5 Nxh5+ 1/2-1/2

[Event "Pokal 2019/20"]
[Site "Turnierstufe"]
[Date "2019.12.17"]
[Round "Qualifikation"]
[White "Mach III 20 MHz"]
[Black "Obsidian"]
[Result "1-0"]
[BlackElo "1979"]
[WhiteElo "2025"]

1.d4 d5 2.c4 dxc4 3.Nf3 Nf6 4.e3 Bg4 5.Bxc4 e6 6.h3 Bh5 7.Nc3 Nbd7 8.O-O Bd6
9.e4 e5 10.dxe5 Nxe5 11.Be2 O-O 12.Nd4 { Buchende. } 12...Bxe2 { Buchende. }
13.Ndxe2 Ned7 14.f4 Re8 15.e5 Bc5+ 16.Kh1 Ng4 17.Qd5 Nf2+ 18.Kh2 Ng4+ 19.Kg3
c6 20.Qb3 Ne3 21.Bxe3 Bxe3 22.Qxb7 Rb8 23.Qxc6 Rxb2 24.Rad1 Bd2 25.Ne4 Re6
26.Qd5 Ba5 27.Qxd7 Qxd7 28.Rxd7 Rxe2 29.Rxa7 Bb4 30.Ra8+ Bf8 31.Rd1 Re3+
32.Kg4 Rxe4 33.Rdd8 g6 34.Rxf8+ Kg7 35.Kf3 Rb4 36.Rg8+ Kh6 37.Ra7 g5 38.fxg5+
Kh5 39.Rxf7 h6 { und Aufgabe. } 1-0

[Event "Pokal 2019/20"]
[Site "Turnierstufe"]
[Date "2019.12.19"]
[Round "Qualifikation"]
[White "Super Constellation"]
[Black "MM I"]
[Result "1/2-1/2"]
[BlackElo "1517"]
[WhiteElo "1828"]

1.d4 Nf6 2.c4 e6 3.Nf3 Bb4+ 4.Bd2 { Buchende. } 4...Bxd2+ 5.Nbxd2 d6
{ Buchende. } 6.e4 Nc6 7.Be2 O-O 8.O-O e5 9.d5 Nd4 10.Nxd4 exd4 11.Re1 c5
12.f4 Qe7 13.Bf3 Nd7 14.Qe2 Re8 15.a3 f6 16.b4 a5 17.b5 b6 18.Nf1 Nf8 19.Nd2
Ng6 20.g3 Bh3 21.Qd3 Rad8 22.Re2 Qa7 23.Rae1 a4 24.Bg2 Bg4 25.Nf3 Qe7 26.h3
Bd7 27.e5 $5 fxe5 28.fxe5 Nxe5 29.Nxe5 dxe5 30.Rxe5 Qxe5 31.Rxe5 Rxe5 32.Be4
Rh5 33.g4 Rh6 34.Kg2 Rf8 35.Qd2 Ra8 36.Qd1 Re8 37.Bf3 Ra8
{ Schwarz hat keinen Plan. } 38.Be4 Kh8 39.Bc2 Kg8 40.Be4 { Remis 3x }
1/2-1/2

[Event "Pokal 2019/20"]
[Site "Turnierstufe"]
[Date "2019.12.19"]
[Round "Qualifikation"]
[White "MM I"]
[Black "Super Constellation"]
[Result "0-1"]
[BlackElo "1821"]
[WhiteElo "1524"]

1.Nf3 { Buchende. } 1...Nf6 2.d4 b6 { Buchende. } 3.Bf4 d5 4.e3 c5 5.dxc5
bxc5 6.Bb5+ Bd7 7.Bxd7+ Nbxd7 8.Nc3 e6 9.O-O Be7 10.Qd3 c4 11.Qd4 Bc5 12.Qd2
O-O 13.Bg5 h6 14.Bf4 Bb4 15.Qd4 Bc5 16.Qd2 Re8 17.Rab1 Bb4 18.Qd4 Qa5 19.a3
Bc5 20.Qd2 Bb6 21.Rfd1 Nc5 22.Ne2 Qxd2 23.Nxd2 Rad8 24.Nd4 e5 25.Bxe5 Rxe5
26.Nc6 Ree8 27.Nxd8 Rxd8 28.h3 Nce4 29.Nxe4 Nxe4 30.Kf1 c3 31.Rd3 Nd2+
32.Rxd2 cxd2 33.Ke2 d4 34.e4 Re8 35.f3 f5 36.Kd3 fxe4+ 37.fxe4 Bc7 38.Rd1 Bf4
39.Rf1 g6 40.c4 dxc3 41.bxc3 Rd8+ 42.Kc2 Kg7 43.Rd1 Kf6 44.g3 Be3 45.e5+ Kxe5
46.a4 Ke4 47.g4 Kf3 48.Rb1 Kg3 49.Kd1 Kxh3 50.Rb4 Rf8 51.Ke2 Rf1 52.Kxe3 d1=Q
53.Rb2 Re1+ { Mattankündigung. } 54.Kf2 Qc1 55.Rd2 Qxd2+ 56.Kf3 Qe3# 0-1

[Event "Pokal 2019/20"]
[Site "Turnierstufe"]
[Date "2020.01.06"]
[Round "Qualifikation"]
[White "Explorer Pro"]
[Black "Sapphire"]
[Result "1-0"]
[BlackElo "2053"]
[WhiteElo "2025"]

1.e4 e5 2.Nc3 Nf6 3.Bc4 Nc6 4.d3 Bb4 5.Nf3 d6 { Buchende. } 6.O-O
{ Buchende. } 6...Na5 7.Nd5 Nxd5
{ Sapphire sollte den Läufer schlagen. Jetzt wird f7 zur Angriffsmarke. }
8.Bxd5 c6 9.Bxf7+ Kxf7 10.c3 Bxc3 11.Bg5 Qc7 12.bxc3 Ke8 $2 13.Nd2 Be6 14.Be3
Qf7 15.f4 Qf6 16.d4 exd4 17.Bxd4 Qf7 18.Bxg7
{ Das geht, weil der schwarze Springer hängt. } 18...Rg8 19.Bd4 c5 20.f5 Bd7
21.Be3 Bb5 22.Rf2 Rd8 23.a4 Bd3 24.Nf3 Qc4 25.f6 $1 Rf8 26.Bh6 Rxf6 27.Bg5
Re6 28.Bxd8 Kxd8 29.Rd2 Nb3 30.Rxd3 Nxa1 31.Ng5 Rg6 32.Rxd6+ Kc8 $2
{ Jetzt geht's ganz schnell: } 33.Qg4+ Kb8
{ Sapphire gibt auf, es folgt 34. Df4! mit Matt in 11! } 1-0

[Event "Pokal 2019/20"]
[Site "Turnierstufe"]
[Date "2020.01.07"]
[Round "Qualifikation"]
[White "R 30, V. 2.5"]
[Black "Zircon II"]
[Result "1-0"]
[BlackElo "1976"]
[WhiteElo "2383"]

1.Nf3 Nf6 2.d4 c5 { Buchende. } 3.d5 d6 4.c4 e6 5.Nc3 { Buchende. } 5...Be7
6.e4 O-O 7.Bd3 Bd7 8.O-O Qc7 9.a3 Ng4 10.Qc2 Na6
{ Nicht gut, aber Schwarz steht bereits sehr beengt. 10....e5 war eine
Option. } 11.dxe6 fxe6 12.e5 h6 13.Nb5 Bxb5 14.cxb5 Nb8 15.Qc4 Rxf3 16.gxf3
Nxe5 17.Qxe6+ Kf8 18.Be4 a6 19.Bd5 Bf6 20.Qg8+ Ke7 21.f4 Nd3 22.Bd2 Bxb2
23.Rae1+ Nxe1 24.Rxe1+ Be5 25.Qxg7+ { Mattankündigung. } 25...Kd8 26.Qg8+ Ke7
27.fxe5 dxe5 28.Bxh6 Nd7 29.Qf7+ Kd8 30.Bg5+ Nf6 31.Bxf6+ Qe7 32.Qxe7+ Kc8
33.Qd8# 1-0

[Event "Pokal 2019/20"]
[Site "Turnierstufe"]
[Date "2020.01.08"]
[Round "Qualifikation"]
[White "Travel Champion 2100"]
[Black "Emerald"]
[Result "1/2-1/2"]
[BlackElo "1889"]
[WhiteElo "2027"]

1.e4 c6 2.d4 d5 3.exd5 cxd5 4.c4 Nf6 5.Nc3 e6 6.Nf3 Be7 7.cxd5 Nxd5 8.Bd3
{ Buchende. } 8...Nc6 9.O-O O-O 10.Re1 Bf6 { Buchende. } 11.Be4 h6 12.Qb3
Nxd4 13.Nxd4 Bxd4 14.Nxd5 exd5 15.Bxd5 Qf6 16.Be3 Bxb2 17.Rab1 Bc3 18.Red1
Re8 19.Bc5 Bg4 20.Rd3 Bf5 21.Rf3 Rac8 22.Bxf7+ Qxf7 23.Rxf5 Qxb3 24.axb3 b6
25.Be3 Rcd8 26.Rf3 Be5 27.h3 Re6 28.Kf1 Rc6 29.Rf5 Bf6 30.Ke2 a6 31.Rf4 Rc2+
32.Kf3 b5 33.b4 Bg5 34.Rf5 Bxe3 35.fxe3 Rdd2 36.g3 Rf2+ 37.Kg4 Rfe2 38.Re5
Rf2 39.Re4 g6 40.Rd1 Rc6 41.Rd7 Rf7 42.Re8+ Kg7 43.Rd4 h5+ 44.Kg5 Rc4 45.Rf4
Rfxf4 46.gxf4 Kf7 47.Ra8 Rxb4 48.Rxa6 Re4 49.Rf6+ Ke7 50.Rxg6 Rxe3 51.h4 Rg3+
52.Kxh5 Rxg6 53.Kxg6 b4 54.Kg7 $1 Ke6 55.h5 b3 56.h6 b2 57.h7 b1=Q 58.h8=Q
Qb7+ 59.Kh6 Qh1+ 60.Kg7 Qg1+ 61.Kf8 Qc5+ 62.Kg8 Qc8+ 63.Kh7 Qc7+ 64.Qg7 Qxf4
1/2-1/2

[Event "Pokal 2019/20"]
[Site "Turnierstufe"]
[Date "2020.01.09"]
[Round "Qualifikation"]
[White "Emerald"]
[Black "Travel Champion 2100"]
[Result "0-1"]
[BlackElo "2023"]
[WhiteElo "1893"]

1.d4 c5 2.dxc5 e6 3.Nc3 Bxc5 4.Ne4 d5 5.Nxc5 Qa5+ 6.c3 Qxc5 { Buchende. }
7.e4 { Buchende. } 7...Nf6 8.Be3 Qc7 9.f3 O-O 10.Bd3 Rd8 11.Qe2 b6 12.Bg5 Nc6
{ Warum nicht 12. ...Sbd7? } 13.Bxf6 gxf6 14.g3 { Keine gute Idee. } 14...Ne5
15.Bc2 Bb7 16.Rb1 { Planlos. } 16...dxe4
{ Schwarz steht bereits auf Gewinn, noch stärker war allerdings 16....d4! }
17.Bxe4 Bxe4 18.Qxe4 a6 { Viel zu zaghaft, besser: } ( 18...Qc5 $1 19.Ke2 Nc4
20.Rd1 Rxd1 21.Kxd1 Rd8+ { usw. } ) 19.Ne2 Nd3+ 20.Kf1 Rac8 21.Qg4+ Kf8
22.Qh4 Qe5 23.Qh6+ Kg8 24.Nd4 Qg5 $2 { Verpasst den Gewinnweg: } ( 24...Nxb2
25.Rxb2 Rxc3 26.Kg2 Rxd4 27.Rc1 Rxc1 28.Qxc1 Rd1 29.Qxd1 Qxb2+ ) 25.Qxg5+
fxg5 26.Ke2 Ne5 27.h4 g4 28.f4 Nc4 29.h5 e5 30.fxe5 Rd5 31.e6 fxe6 32.b3 Re5+
33.Kd1 Nd6 34.Rh4 Ne4 35.Rxg4+ Kh8 36.Rxe4 Rxe4 37.Kd2 e5 38.Kd3 Rg4 39.Ne2
Rd8+ 40.Ke3 e4 41.Rh1 Rd3+ 42.Kf2 Kg7 43.h6+ Kf6 44.Nf4 Rf3+ 45.Ke1 Ke7
46.Nd5+ Kd6 47.Nxb6 Rxc3 48.Nc4+ Ke7 49.Rh5 Rcxg3 50.Re5+ Kd8 51.Re6 Rg1+
52.Kf2 R4g2+ 53.Ke3 Re1+ 54.Kd4 Rxa2 55.b4 Ra4 56.Rxe4 $2 Rxe4+ 57.Kxe4 Rxb4
58.Kd5 Rb5+ { Der Tausch Turm gegen Springer wäre einfacher gewesen. } 59.Kc6
Rh5 60.Nd6 Rxh6 61.Kd5 Kc7 62.Nf5 Rh5 0-1

[Event "Pokal 2019/20"]
[Site "Turnierstufe"]
[Date "2020.01.10"]
[Round "Qualifikation"]
[White "Regency"]
[Black "Travel Champion 2100"]
[Result "1/2-1/2"]
[BlackElo "2029"]
[WhiteElo "1800"]

1.d4 d5 2.Nf3 c5 3.c4 e6 4.cxd5 exd5 { Buchende. } 5.Bg5 { Buchende. } 5...f6
6.Bf4 cxd4 7.Nxd4 Bb4+ 8.Nc3 Ne7 9.e3 Nbc6 10.a3 Bxc3+ 11.bxc3 Qa5 12.Qc2
Nxd4 13.exd4 Bf5 14.Bd3 Bxd3 15.Qxd3 Rc8 16.Bd2 O-O 17.O-O Rfe8 18.Rfe1 Qa4
19.Rab1 b6 20.Ra1 Ng6 21.Qf5 Qc6 22.Rab1 b5 23.h3 a6 24.Rbc1 Ne7 25.Qe6+ Kh8
26.Rb1 Qa8 27.Qd7 Ng6 28.Rbc1 Rcd8 29.Qc7 Qc8 30.Qf7 Qc6 31.Rb1 Rc8 32.Kh1
Rf8 33.Qe6 Ne5 34.Qxc6 Nxc6 35.Re6 Kg8 36.Kh2 Kf7 37.Rbe1 a5 38.Rd6 Rfd8
39.Rxd8 Rxd8 40.Kg3 Re8 41.Rxe8 Kxe8 42.Kf4 Ke7 43.g4 Ke6 44.Ke3 a4 45.f4 g6
46.h4 Na5 47.Bc1 f5 48.g5 Nc4+ 49.Kf3 Kf7 50.Kf2 Kg7 51.Ke2 h5 52.Kf2 Kf7
53.Kf3 Ke7 54.Kf2 Kf7 55.Kf3 Ke7 56.Kf2 Kf7 { Remis 3x } 1/2-1/2

[Event "Pokal 2019/20"]
[Site "Turnierstufe"]
[Date "2020.01.13"]
[Round "Qualifikation"]
[White "Travel Champion 2100"]
[Black "Regency"]
[Result "1-0"]
[BlackElo "1806"]
[WhiteElo "2023"]

1.e4 c5 2.c3 { Buchende. } 2...Nf6 3.e5 Nd5 4.d4 cxd4 5.Qxd4 e6 { Buchende. }
6.Bb5 Nc7 7.Ba4 b5 8.Bc2 Bb7 9.Qg4 Nc6 10.Nf3 d6 11.exd6 Qxd6 12.O-O f5
13.Qg5 Nd5 14.a4 a6
{ Den taktischen Nadelstichen des Saitek hat Regency nicht viel
entgegenzusetzen. } 15.Re1 g6 16.axb5 axb5 17.Rxa8+ Bxa8 18.Na3 b4 19.Nb5 Qc5
20.Nbd4 Nxd4 21.Nxd4 bxc3 22.Nxe6 Qa5 23.Nc7+ Kd7 24.Nxd5 Bxd5 25.Bxf5+ gxf5
26.Qxf5+ Kc6 27.Qf6+ Bd6 28.Qxh8 cxb2 29.Qe8+ Kb6 30.Bxb2 Qd2 31.Rb1 Ka6
{ Das war's, denn das ist ein Matt in 9. } 1-0

[Event "Pokal 2019/20"]
[Site "Turnierstufe"]
[Date "2020.01.16"]
[Round "Qualifikation"]
[White "Milano"]
[Black "Scorpio, sel. 4"]
[Result "1-0"]
[BlackElo "2050"]
[WhiteElo "2021"]

1.e4 e5 2.Nf3 Nc6 3.Bb5 a6 4.Ba4 d6 5.c3 Bd7 6.d4 { Buchende. } 6...g6 7.O-O
Bg7 { Buchende. } 8.d5 Nce7 9.Bg5 h6 10.Bxd7+ Qxd7 11.Bxe7 Nxe7 12.Nbd2 O-O-O
13.c4 g5 14.b4 f5 15.a4 g4 16.Nh4 fxe4 17.Nxe4 h5 18.b5 a5 19.Re1 Rdf8 20.Qc2
Qd8 21.Ng5 { Verpasst das vorteilhafte 21. c5! } 21...Nxd5 $2
{ Keine gute Idee. } 22.cxd5 Qxg5 23.Ng6 g3 24.hxg3 Rf7 25.Nxh8 Bxh8 26.Rac1
h4 { Bereits Verzweiflung? } 27.gxh4 Qxh4 28.b6 Qd4 29.bxc7 Bg7 30.Red1 Qb6
31.Rb1 Qxc7 32.Qd2 Kb8 33.Rb5 Rf4 34.Rc1 Rc4 35.Rxc4 Qxc4 36.Rxa5 Qb3 37.Kh2
Bf6 38.Qh6 Qb6 39.Qxf6 Qxa5 40.Qxd6+ Qc7 41.Qxc7+ Kxc7 42.Kh3 Kd6 43.Kg4 Kxd5
44.Kf5 b6 45.g4 1-0

[Event "Pokal 2019/20"]
[Site "Turnierstufe"]
[Date "2020.01.21"]
[Round "Qualifikation"]
[White "Citrine"]
[Black "Modena"]
[Result "0-1"]
[BlackElo "1962"]
[WhiteElo "2050"]

1.Nf3 Nf6 2.g3 c5 3.Bg2 { Buchende. } 3...d5 { Buchende. } 4.O-O Nc6 5.d4
cxd4 6.Nxd4 e5 7.Nxc6 bxc6 8.c4 Be6 9.Nc3 Be7 10.Bg5 Ng8 11.Be3 Nf6 12.Qa4
Bd7 13.cxd5 cxd5 14.Qa6 Bc8 15.Qb5+ Bd7 16.Qa6 Bc8 17.Qd3 Be6 18.Bg5 e4
19.Qc2 h6 20.Be3 O-O 21.Rfd1 Qc7 22.Qd2 Rfc8 23.Rac1 Qd7 24.Bd4 Ne8 25.Be5
Bf6 26.Bf4 Rd8 27.Qc2 Qe7 28.h3 Rac8 29.Qa4 Rc4 30.Qa5 Bd4 31.b3 Bb6 32.Qa6
Nc7 33.Qb7 Qb4 34.Qxb6 Qxb6 35.bxc4 e3 36.Bxe3 d4 37.Bf4 Qa5 38.Bxc7 Qxc7
39.Nd5 Qc5 40.e3 dxe3 41.Nf6+ gxf6 42.Rxd8+ Kg7 43.Rc2 Qa5 44.Rd1 exf2+
45.Rxf2 Bxc4 46.Bf3 f5 47.Kg2 Kg6 48.Rc2 Be6 49.Re2 Bc4 50.Rb2 Be6 51.h4 Qa4
52.Re1 f4 53.Re4 Qa3 54.h5+ Kg7 55.Rd2 fxg3 56.Kxg3 Bxa2 57.Rd7 a5 58.Re5 Kf6
59.Rb5 Bc4 60.Rb6+ Kg5 61.Rc6 Qb4 62.Kg2 Be6 63.Rdc7 a4 64.Rc5+ Kf4 65.Rc2 a3
66.Ra7 f5 67.Rf2 Kg5 68.Re2 Bc4 69.Rc2 a2 70.Rcxa2 Bxa2 71.Rxa2 Kf4 72.Bc6
Qb3 73.Rf2+ Kg4 74.Bf3+ Kh4 75.Re2 Kg5 76.Rf2 Qc4 77.Rf1 Qc5 78.Re1 Kf4
79.Bd1 Qd6 80.Rf1+ Ke5 81.Bf3 Qd2+ 82.Rf2 Qd4 83.Ra2 Kf4 84.Rc2 Qg7+ 85.Kf2
Qg3+ 86.Kf1 Qxf3+ 87.Rf2 Kg4 $1 0-1

[Event "Pokal 2019/20"]
[Site "Turnierstufe"]
[Date "2020.01.23"]
[Round "1"]
[White "Ruby"]
[Black "Constellation"]
[Result "1-0"]
[BlackElo "1616"]
[WhiteElo "1936"]

1.e4 e5 2.Nf3 Nc6 3.Bb5 Nf6 4.O-O Nxe4 5.d4 Be7 { Buchende. } 6.Qe2
{ Buchende. } 6...d5 7.Bxc6+ bxc6 8.Nxe5 Qd6 9.f3 Nf6 10.Bf4 Qe6 11.Nc3 Rb8
12.Nd3 Qxe2 13.Nxe2 Bf5 14.Nec1 Bd6 15.Re1+ Be6 16.Bg5 Nd7 17.Nb3 O-O 18.Ne5
Rb6 19.Nxd7 Bxd7 20.Re2 h6 21.Bd2 Ra6 22.Bc3 Rb8 23.Kf2 Bf5 24.Nc5 Bxc5
25.dxc5 Kh7 26.a3 Kg6 27.Rae1 Rb5 28.Bd4 Ra4 29.c3 Rb8 30.Be5 Rb7 31.Ke3 f6
32.Bd4 Rb8 33.Kf4 Ra5 34.Re7 Rab5 35.h4 h5 36.b4 a6 37.g4 Bc2 38.Rxc7 hxg4
39.fxg4 R8b7 40.Rxc6 a5 41.g5 Rf7 42.gxf6 gxf6 43.Rg1+ Kh7 44.Rxf6 Re7 45.Rf8
Kh6 46.Bf6 Ra7 47.c6 axb4 48.axb4 Bh7 49.Bd4 Rc7 50.Rf6+ { Mattankündigung. }
50...Bg6 51.Rgxg6+ Kh7 52.Kg5 Rg7 53.Rf7 Rxf7 54.Rh6+ Kg8 55.Rh8# 1-0

[Event "Pokal 2019/20"]
[Site "Turnierstufe"]
[Date "2020.01.27"]
[Round "1"]
[White "Star Diamond"]
[Black "GK 2000"]
[Result "1-0"]
[BlackElo "1941"]
[WhiteElo "2138"]

1.d4 d5 2.c4 e6 3.Nc3 Nf6 4.Bg5 Nbd7 5.e3 Be7 6.Nf3 O-O { Buchende. } 7.Rc1
{ Buchende. } 7...Nb6 $2 8.c5 Nbd7 9.Bd3 c6 10.O-O b6 11.Qa4 bxc5 12.Ne5 Nxe5
13.dxe5 Nh5 14.Bxe7 Qxe7 15.Be2 g6 16.Bxh5 gxh5 17.Qxc6 Rb8 18.Na4 c4 19.Rb1
Bb7 20.Qc5 Qxc5 21.Nxc5 Rfc8 22.Nd7 Ra8 23.Nf6+ Kg7 24.Nxh5+ Kg6 25.Nf6 h6
26.f4 Rab8 27.Rf3 Kg7 28.Nd7 Ra8 29.Rg3+ Kh8 30.Nf6 Rab8 31.Rh3 Kg7 32.Nd7
Ra8 33.Rf3 Bc6 34.Nf6 Rab8 35.Rg3+ Kh8 36.Rh3 Kg7 37.e4 $6 d4 38.Rg3+ Kh8
39.Rd1 Rd8 40.Rd2 a6 41.Kf2 Rbc8 42.Ra3 Bb7 43.Ke2 Kg7 44.Rg3+ Kf8 45.Rd1 Ra8
46.Rc1 Rac8 $2 47.Rg8+ Ke7 48.Rxd8 Kxd8 49.b3 d3+ 50.Kd2 cxb3 51.Rxc8+ Bxc8
52.axb3 Bd7 53.Nxd7 Kxd7 54.g4 Kc6 55.h4 Kc5 56.h5 Kd4 57.g5 hxg5 58.fxg5
Kxe5 59.Kxd3 f5 60.Ke3 fxe4 61.h6 Kf5 62.h7 Kxg5 63.h8=Q Kf5 64.Qh5+ Kf6
65.Kxe4 Ke7 66.Qc5+ Kf6 67.Qf2+ Kg6 68.Ke5 { Mattankündigung. } 68...Kh6
69.Qf6+ Kh7 70.Qf7+ Kh8 71.Kf6 a5 72.Qg7# 1-0

[Event "Pokal 2019/20"]
[Site "Turnierstufe"]
[Date "2020.01.28"]
[Round "1"]
[White "Turquoise"]
[Black "Star Sapphire"]
[Result "1/2-1/2"]
[BlackElo "2149"]
[WhiteElo "1987"]

1.Nf3 b5 2.e3 a6 3.d4 Bb7 4.c4 bxc4 5.Bxc4 { Buchende. } 5...e6 { Buchende. }
6.O-O Nf6 7.Bd3 c5 8.Nc3 d5 9.Bd2 Nc6 10.Qa4 cxd4 11.Nxd4 Qd7 12.Rfc1 Bd6
13.Nce2 Ne5 14.Bc2 O-O 15.Qxd7 Nfxd7 16.Bc3 Nf6 17.Rd1 Rfc8 18.Rac1 Rab8
19.Ng3 Ba8 20.Re1 Ne4 21.Nxe4 dxe4 22.Red1 Bc7 23.Bb3 Nd3 24.Rc2 Be5 25.f4
Bf6 26.Rdd2 Rc5 27.Ne2 Bxc3 28.Rxc3 Rxc3 29.Nxc3 Kf8 30.Ne2 Ke7 31.Rc2 Rd8
32.g4 Bb7 33.h3 Rc8 34.Rxc8 Bxc8 35.Bc2 Bd7 36.b3 Kd6 37.a3 e5 38.Ng3 Kd5
39.f5 Bc6 40.Nh5 g6 41.Nf6+ Kd6 42.Nxh7 gxf5 43.gxf5 Ke7 44.f6+ Ke6 45.h4 Ne1
46.Ng5+ Kf5 47.Bb1 Bd5 48.b4 Nd3 49.Kf1 Bc4 50.Kg2 Bd5 51.Kf1 Nb2 52.Ke2 Na4
53.Bc2 Nc3+ 54.Kd2 Nb5 55.a4 Na3 56.Nh7 Nxc2 57.Kxc2 Bc6 58.Kb3 Kg6 59.Ng5
Bd5+ 60.Kc3 Kxf6 61.b5 axb5 62.axb5 Kf5 63.b6 Kg6 64.Kb4 f5 65.Kc5 Bb7 66.Ne6
Kh5 67.Nd8 Ba8 68.b7 Bxb7 69.Nxb7 f4 70.Nd6 fxe3 71.Nxe4 Kxh4 72.Nc3 Kg4
73.Kd5 Kf4 74.Ke6 e4 75.Kf6 Kf3 76.Kf5 e2 77.Nxe2 Kxe2 78.Kxe4 1/2-1/2

[Event "Pokal 2019/20"]
[Site "Turnierstufe"]
[Date "2020.01.30"]
[Round "1"]
[White "Star Sapphire "]
[Black "Turquoise"]
[Result "1-0"]
[BlackElo "1991"]
[WhiteElo "2145"]

1.d4 c5 2.dxc5 e6 3.Nc3 Bxc5 4.Ne4 Nf6 5.Nxc5 Qa5+ 6.Qd2 Qxc5 7.Qg5
{ Buchende. } 7...Qxg5 8.Bxg5 b6 { Buchende. } 9.Bxf6 gxf6 10.Nf3 Nc6 11.g3
Nb4 12.Kd2 Ba6 13.Bg2 d5 14.c3 Nc6 15.h3 O-O-O 16.Ke3 Kb8 17.Rhd1 e5 18.Rac1
Bc4 19.b3 Ba6 20.a4 Rhe8 21.Rd2 d4+ 22.cxd4 Nxd4 23.Nxd4 exd4+ 24.Kf4 Rxe2
25.Rcd1 h6 26.b4 Bc4 27.Bf3 Rxd2 28.Rxd2 Bb3 29.a5 bxa5 30.bxa5 Kc7 31.Rb2
Bd5 32.Be4 Kd6 33.Kf5 Rc8 34.Rd2 Rc4 35.Bd3 Ra4 36.a6 Ra2 37.Rxa2 Bxa2
38.Kxf6 Kc5 39.Ke5 Bc4 40.Bc2 d3 41.Bd1 d2 42.Ke4 Kb4 43.Kf3 Kc3 44.Ke3 Bxa6
45.g4 Bd3 46.f4 Bc2 47.Ke2 f6 48.h4 a5 49.g5 Bxd1+ 50.Kxd1 a4 51.gxf6 a3
{ Mattankündigung. } 52.Ke2 a2 53.Ke3 d1=Q 54.Ke4 a1=Q 55.Kf5 Qd7+ 56.Kg6
Qb1+ 57.Kxh6 Qdh7+ 58.Kg5 Qbf5# 1-0

[Event "Pokal 2019/20"]
[Site "Turnierstufe"]
[Date "2020.01.30"]
[Round "1"]
[White "Advanced Travel Chess"]
[Black "Sapphire II"]
[Result "0-1"]
[BlackElo "2142"]
[WhiteElo "1979"]

1.e4 c6 2.d4 d5 3.e5 Bf5 4.Ne2 e6 5.Ng3 Bg6 6.h4 { Buchende. } 6...h6 7.h5
Bh7 8.Bd3 Bxd3 9.Qxd3 Qb6 { Buchende. } 10.O-O c5 11.c3 Nc6 12.Rd1 O-O-O
13.b3 f6 14.Bf4 fxe5 15.dxe5 g5 16.hxg6 Nge7 17.a4 Rg8 18.a5 Qc7 19.Ne2 Rxg6
20.Na3 a6 21.Bg3 Nxe5 22.Qd2 Nf5 23.Bxe5 Qxe5 24.Nc4 Qc7 25.Nb6+ Kb8 26.Nf4
Rf6 27.Nh5 Rf7 28.Nf4 Ng7 29.Ng6 Rf6 30.Qxh6 Bd6 31.g4 Qf7 32.Nh8 Qf8 33.Qh4
Ka7 34.Ra2 Qxh8 35.Qxf6 Rf8 36.Qg6 Qh2+ 37.Kf1 Bg3 38.Nc8+ Kb8 39.Rdd2 Qh1+
{ Mattankündigung. } 40.Ke2 Rxf2+ 41.Kd3 Qf1+ 42.Kc2 Rxd2+ 43.Kxd2 Bf4+
44.Kc2 Qc1+ 45.Kd3 Qd1+ 46.Rd2 Qxd2# 0-1

[Event "Pokal 2019/20"]
[Site "Turnierstufe"]
[Date "2020.02.04"]
[Round "1"]
[White "Turbo King II EGR II"]
[Black "Prisma"]
[Result "1-0"]
[BlackElo "1867"]
[WhiteElo "1925"]

1.d4 d5 2.Nf3 c5 3.c4 e6 4.cxd5 exd5 5.Nc3 Nc6 6.g3 Nf6 7.Bg2 Be7 8.O-O O-O
9.Bg5 cxd4 10.Nxd4 h6 11.Bf4 Re8 12.Rc1 Bg4 13.h3 Be6 14.Nxe6 fxe6 15.e4 d4
{ Buchende. } 16.e5 { Buchende. } 16...dxc3 17.exf6 Bxf6 18.bxc3 Qxd1
19.Rfxd1 Rad8 20.Re1 g5 21.Be3 Rd3 22.Bxc6 bxc6 23.Bxa7 Bxc3 24.Re3 Bd2
25.Rxd3 Bxc1 26.Rc3 Ra8 27.Rxc1 Rxa7 28.Rxc6 Rxa2 29.Rxe6 Kg7 30.Kf1 Rc2
31.Re2 Rc1+ 32.Kg2 Kf6 33.f3 Kf5 34.Ra2 Rc5 35.Ra6 Rc2+ 36.Kf1 h5 37.Rh6 Rc1+
38.Kg2 Rc2+ 39.Kg1 Rc1+ 40.Kf2 Rc2+ 41.Kg1 Rc1+ 42.Kf2 Rc2+ 43.Ke3 Rc3+
44.Ke2 Rc2+ 45.Kf1 Rc1+ 46.Kg2 Rc2+ 47.Kh1 Rc3 48.Rxh5 Rxf3 $2 49.Kg2 Rd3
50.h4 Rd2+ 51.Kh3 Re2 52.Rxg5+ Kf6 53.Rb5 Re4 54.Rb6+ Re6 $2 55.Rxe6+ Kxe6
56.h5 Kf6 57.h6 $4 Kg6 58.Kg4 Kxh6 59.Kf5 { EGR! } 59...Kg7 60.Kg5 Kf7 61.Kh6
Ke6 62.g4 Kf7 63.g5 Kg8 64.Kg6 Kf8 65.Kh7 Ke7 66.g6 Ke6 67.g7 Ke5 68.g8=Q Kd4
69.Kg6 Kc3 70.Qd5 Kb2 71.Qd3 Ka2 72.Qc3 Kb1 73.Kf5 Ka2 74.Ke4 Kb1 75.Kd3 Ka2
76.Qb4 Ka1 77.Kc2 Ka2 78.Qb2# 1-0